000
00194 a2200097 4500
020
_a
9788498200638
041
_a
spa
100
_a
Cassan, Fabian
245
_a
Tecnicas de relajacion
942
_c
BK
999
_c
30935
_d
30933